000 00846nam a2200253Ia 4500
003 OSt
005 20221005113012.0
006 a|||||r|||| 00| 0
007 ta
008 221004b |||||||| |||| 00| 0 pan d
020 _a9788123763781 (pbk)
_c125
024 _a14535
037 _b832, 15/03/2014, H.K. Prakashan
_cTextual
040 _aCRL
_cCRL
_bpan
041 _2pan
_apan
082 _aV2:51y7N07, 153Q2
100 _aਟੰਡਨ, ਆਰ ਕੇ
245 0 _aਦੇF ਲਈ ਕੁਰਬਾਨ
260 _aਦਿੱਲੀ
_bਨੈFਨਲ ਬੁਕ ਟਰੱਸਟ ਭਾਰਤ
_c2012
300 _a103ਪੰ
_ccm.
650 _aਭਾਰਤੀਯ ਇਤਿਹਾਸ
942 _hV2:51y7N07, 153Q2
_cTEXL
_2cc
999 _c1026707
_d1026707